000 01155nam0a22002651 4500
001 rc\591770
005 20250621174835.0
035 _a(NLR Aleph) 005836893
090 _a5637710
_c5637710
100 _a20031121d1986 |||y0rusy50 ca
101 0 _arus
102 _aRU
105 _aa |||||||||
200 1 _aАвтоматизированные системы управления предприятиями текстильной и легкой промышленности
_e[Учеб. для экон. спец. вузов текстил. и лег. пром-сти
_fФ.Ф. Бездудный, М.М. Варковецкий, Г.В. Коробковский, Р.В. Свидерский]
210 _aМ.
_cЛегпромбытиздат
_d1986
215 _a252, [1] с.
_cил.
_d23
300 _aАвт. указаны на обороте тит. л.
320 _aБиблиогр.: с. 250 (7 назв.)
320 _aПредм. указ.: с. 251
701 1 _aБездудный
_bФ.Ф.
_gФеликс Федорович
801 0 _aRU
_bNLR
_gpsbo
801 1 _aRU
_bELAR
_2rusmarc
852 _aNLR
_j86-5/6522
942 _cBOOK
980 _aNB